| 000 | 01093cam a2200205 4500 | ||
|---|---|---|---|
| 001 | WB3524-07 | ||
| 008 | 000000n1999 000 0 eng u | ||
| 035 | _a(Sirsi) u101953 | ||
| 245 | _aRace for Kosovo contracts. | ||
| 260 | _c1999 | ||
| 490 |
_aGuardian _v19 June 1999, 4 |
||
| 490 |
_aContract Journal _v399(6321) 23 June 1999, 4 |
||
| 490 |
_aFinancial Times _v25 June 1999, 3(3) |
||
| 520 | _aA government/private sector Kosovo regeneration taskforce is co-ordinating UK efforts to win as many initial orders as possible in rebuilding Kosovo. Initial orders are worth £3bn, but will ultimately be worth £30bn or more. The European Union is meant to be organising a joint EU rebuilding programme, but national governments are competing for the largest slice of the cake. A British team has met in Kosovo to assess the necessary work. Experience in Bosnia is reviewed. It points to tough local competition and the importance of materials' supply. Table. | ||
| 650 | _aKOSOVO | ||
| 650 |
_aContracts _96232 |
||
| 650 | _aREGENERATION | ||
| 690 | _aBUILT ENVIRONMENT | ||
| 942 | _n0 | ||
| 999 |
_c61047 _d61047 |
||